Most Popular Netflix Original Shows - Statistics

General Stats
  • This quiz has been taken 78 times
  • The average score is 2 of 10
Answer Stats
Hint Answer % Correct
67m Stranger Things
79%
111m Squid Game
60%
65m Money Heist
33%
82m Bridgerton
23%
62m The Queen's Gambit
18%
76m The Witcher
14%
64m Tiger King
10%
76m Lupin
7%
67m Sex/Life
3%
60m Sweet Tooth
1%
No matching quizzes found
Score Distribution
Percent of People with Each Score
Percentile by Number Answered
Your Score History
You have not taken this quiz